000 00658 a2200181 4500
020 _a007057913X
040 _aDLC
_bDLC
082 0 0 _a621.3848
245 0 0 _aRadar handbook
_cMerrill I. Skolnik
250 _a2nd ed.
260 _aNew York :
_bMcGraw-Hill,
_cc1990.
300 _a1 v. (various pagings) :
_bill. ;
_c24 cm.
650 0 _aRadar
_xHandbooks, manuals, etc.
_9125731
700 1 _aSkolnik, Merrill I.
_d1927-
_9125732
856 4 1 _3Table of contents
_uhttp://www.loc.gov/catdir/toc/mh021/89035217.html
856 4 1 _3Contributor biographical information
_uhttp://www.loc.gov/catdir/enhancements/fy0728/89035217-b.html
942 _cBK
_k621.3848 SKO
_2ddc
999 _c8399
_d8399